000 00762nam a2200253 a 4500
001 63711
003 BD-RjUL
005 20211209081227.0
008 170202s1968 enkac b 000 0beng d
035 _a(BD-RjUL)63840
040 _aBD-RjUL
_bBD-RjUL
_deng
_cBD-RjUL
041 _aeng
082 0 0 _a823.912
_223
_bHOJ 1968
100 1 _aHolloway, David.
_9189179
245 1 0 _aJohn Galsworthy /
_cDavid Holloway
260 _aLondon :
_bMorgan-Grampian Books,
_cC1968.
300 _a 92 p. :
_bill. ;
_c22 cm.
490 0 _aInternational profiles
504 _aBibliography: p. 92.
600 1 0 _aGalsworthy, John,
_d1867-1933.
_9179309
650 0 _aNovelists, English
_y20th century
_xBiography.
_9187171
856 _3International profiles
942 _2ddc
_cBK
999 _c63711
_d63711